00652nam a2200241 a 4500001001300000003000900013005001700022008004100039020001000080082001600090100002000106245002700126260003700153300000900190500003500199505000800234650002200242700002000264902000800284942000700292952009600299999001500395nice12345678IN_TiNIC20260116011752.0050524s1869 lona grp 000 0 eng  ac10000a297.63bDAV aDavenport, John aMohammad and the Koran aLong AcrebJ.Davy and Sonsc1869 a182p aincludes index and biblioraphy2 aIll aMuhammad, Prophet1 aDavenport, John bSRS cBK 00104070aHMIbHMId2007-07-09g100.00l0o297.63 DAVp06849r2007-07-09w2026-01-16yEB c3829d3829